Catalog

Record Details

Catalog Search



Available copies

  • 6 of 6 copies available at LARL/NWRL Consortium. (Show)
  • 6 of 6 copies available at Northwest Regional Library.

Current holds

0 current holds with 6 total copies.

Show Only Available Copies
Location Call Number / Copy Notes Barcode Shelving Location Status Due Date
Godel Memorial-Warren Library e BAK (Text) 35500005502610 Main Available -
Greenbush Public Library e BAK (Text) 35500005502685 Main Available -
Hallock Public Library e BAK (Text) 35500005502784 Main Available -
Karlstad LINK Site e BAK (Text) 35500005502776 Main Available -
Roseau Public Library e BAK (Text) 35500005502693 Main Available -
Warroad Public Library e BAK (Text) 35500005502701 Main Available -

Record details

  • ISBN: 9780544236059 (hc)
  • ISBN: 054423605X (hc)
  • ISBN: 0544236092 (pbk.)
  • ISBN: 9780544236097 (pbk.)
  • Physical Description: 27 pages : color illustrations ; 23 cm.
  • Edition: First Green Light Readers edition.
  • Publisher: Boston, MA : Houghton Mifflin Harcourt, 2014.

Content descriptions

General Note:
"For the reader who's ready to GO!"-- Cover.
Summary, etc.:
Mr. Green loves guessing games. And he has a plan ... Read More
Subject: Alligators > Juvenile fiction.
Bubble gum > Juvenile fiction.
Contests > Juvenile fiction.
Genre: Humorous stories.
LDR 02807cam a2200517Ki 4500
001169147
003LARL_NWRL_CONSORTIUM
00520140804072730.0
008130802t20142014maua 000 1 eng d
019 . ‡a854944393
020 . ‡a9780544236059 (hc)
020 . ‡a054423605X (hc)
020 . ‡a0544236092 (pbk.)
020 . ‡a9780544236097 (pbk.)
035 . ‡a(OCoLC)854944392 ‡z(OCoLC)854944393
049 . ‡aNRG
099 . ‡aEASY LEVEL 2
1001 . ‡aBaker, Keith, ‡d1953- ‡eauthor. ‡0(LARL_NWRL_CONSORTIUM)88611
24510. ‡aGumballs : ‡ba Mr. and Mrs. Green adventure / ‡cKeith Baker.
2463 . ‡aGum balls.
24630. ‡aMr. and Mrs. Green adventure.
250 . ‡aFirst Green Light Readers edition.
260 . ‡aBoston, MA : ‡bHoughton Mifflin Harcourt, ‡c2014.
260 . ‡c♭2014.
300 . ‡a27 pages : ‡bcolor illustrations ; ‡c23 cm.
336 . ‡atext ‡btxt ‡2rdacontent.
337 . ‡aunmediated ‡bn ‡2rdamedia.
338 . ‡avolume ‡bnc ‡2rdacarrier.
4900 . ‡aGreen Light reader. Level 2
520 . ‡aMr. Green loves guessing games. And he has a plan to guess the number of gumballs in a GIANT gumball machine! So does Mrs. Green. Her plan involves luck, but Mr. Green's plan involves luck and math skills. Will they both be winners? And what would they do f they won all those gumballs? The uproarious alligator antics continue in this Level 1 Green Light Reader-- Taken from Amazon.com July 30, 2014.
500 . ‡a"For the reader who's ready to GO!"-- Cover.
650 0. ‡aAlligators ‡vJuvenile fiction.
650 0. ‡aBubble gum ‡vJuvenile fiction.
650 0. ‡aContests ‡vJuvenile fiction. ‡0(LARL_NWRL_CONSORTIUM)171628
655 7. ‡aHumorous stories. ‡2gsafd.
901 . ‡a169147 ‡bISxN ‡c169147 ‡tbiblio

Additional Resources